[Event "La Vega op 3rd"]
[Site "La Vega"]
[Date "2019.08.24"]
[Round "8"]
[White "Perez, Lewis Omar"]
[Black "Camacho Campusano, David Daniel"]
[Result "0-1"]
[WhiteElo "1888"]
[BlackElo "2196"]
[PlyCount "64"]
[EventDate "2019.08.20"]
[EventType "swiss"]
[EventRounds "9"]
[EventCountry "DOM"]
[SourceTitle "EXT 2020"]
[Source "ChessBase"]
[SourceDate "2019.10.17"]
[SourceVersion "1"]
[SourceVersionDate "2019.10.17"]
[SourceQuality "1"]

1. e4 e5 2. d3 Bc5 3. Nf3 d6 4. Be3 Bxe3 5. fxe3 Nf6 6. Be2 c6 7. 0-0 Qb6 8. Qc1 0-0 9. Na3 Nbd7 10. Nc4 Qc7 11. Ne1 d5 12. exd5 cxd5 13. Na3 a6 14. c4 dxc4 15. Qxc4 Qxc4 16. Nxc4 b5 17. Nd6 Nb6 18. Nf3 Bg4 19. h3 Bxf3 20. gxf3 Rfd8 21. Nf5 Na4 22. Rab1 Nd5 23. Kf2 g6 24. Nh6+ Kg7 25. Ng4 f6 26. Rfc1 h5 27. Nh2 Rac8 28. Rxc8 Rxc8 29. b3 Nac3 30. Rb2 Nb4 31. a3 Nxd3+ 32. Bxd3 Nd1+ 0-1

[Event "DOM-ch"]
[Site "Santo Domingo"]
[Date "2019.04.27"]
[Round "3"]
[White "Perez, Lewis Omar"]
[Black "Rodriguez Mejia, Eddy Gabriel"]
[Result "1-0"]
[WhiteElo "1923"]
[BlackElo "1749"]
[PlyCount "105"]
[EventDate "2019.04.26"]
[EventType "swiss"]
[EventRounds "11"]
[EventCountry "DOM"]
[SourceTitle "CBM 190 Extra"]
[Source "ChessBase"]
[SourceDate "2019.07.15"]
[SourceVersion "1"]
[SourceVersionDate "2019.07.15"]
[SourceQuality "1"]

1. g3 Nf6 2. Bg2 g6 3. c4 Bg7 4. Nf3 d6 5. 0-0 0-0 6. Nc3 c5 7. d4 cxd4 8. Nxd4 Qc7 9. Be3 Ng4 10. Nd5 Qd8 11. Bg5 f6 12. Bd2 e6 13. Nc3 Qb6 14. e3 Ne5 15. Na4 Qd8 16. Re1 Nec6 17. b4 a6 18. Bc3 Ne7 19. Qb3 Nbc6 20. Red1 e5 21. Nxc6 bxc6 22. Nb6 Rb8 23. Nxc8 Rxc8 24. Rxd6 Qc7 25. c5+ Kh8 26. Rad1 Rfe8 27. Rd7 Qb8 28. Qf7 Nf5 29. Rb7 Qa8 30. Rdd7 Rf8 31. Qb3 Rcd8 32. Qe6 Rxd7 33. Rxd7 a5 34. Bxc6 Qc8 35. Qd5 axb4 36. Bxb4 Qa6 37. Rd8 Qe2 38. Rxf8+ Bxf8 39. Qf7 Be7 40. Bd5 Qd1+ 41. Kg2 Nxe3+ 42. fxe3 Qd2+ 43. Kg1 Qxe3+ 44. Kf1 Qd3+ 45. Kf2 Qd4+ 46. Ke2 Qg4+ 47. Kd3 Qd1+ 48. Kc4 Qc2+ 49. Kb5 Qd3+ 50. Bc4 Qd8 51. Qg8+ Qxg8 52. Bxg8 Kxg8 53. c6 1-0

[Event "Santo Domingo De La Madre op"]
[Site "Santo Domingo"]
[Date "2018.06.02"]
[Round "7"]
[White "Mejia, Juan Alberto"]
[Black "Perez, Lewis Omar"]
[Result "1-0"]
[WhiteElo "1867"]
[BlackElo "1989"]
[PlyCount "51"]
[EventDate "2018.05.18"]
[EventType "swiss"]
[EventRounds "8"]
[EventCountry "DOM"]
[SourceTitle "CBM 184 Extra"]
[Source "ChessBase"]
[SourceDate "2018.06.28"]
[SourceVersion "1"]
[SourceVersionDate "2018.06.28"]
[SourceQuality "1"]

1. e4 c5 2. Nf3 Nc6 3. Bc4 e6 4. 0-0 a6 5. a4 Bd6 6. c3 Nge7 7. d4 cxd4 8. cxd4 Ng6 9. Nc3 0-0 10. Be3 b6 11. Qd2 Bb7 12. Rac1 Bb4 13. Ba2 Na5 14. Qd3 Nc6 15. Ne2 Be7 16. Bb3 Nb4 17. Qb1 f5 18. exf5 Rxf5 19. Qxf5 Kh8 20. Qb1 Bxf3 21. gxf3 Nh4 22. Qe4 d5 23. Qg4 Qf8 24. f4 Qf7 25. Rc7 h5 26. Qxh4 1-0